000 00788nam0a22002531 4500
001 rc\3777998
005 20250530045219.0
021 _aRU
_b[75-28911]
035 _a(NLR Aleph) 007229192
090 _a7721813
_c7721813
100 _a20120207d1975 |||y0rusy50 ca
101 0 _arus
102 _aRU
105 _aa z |||a|
200 1 _aБрянский лес
_eПоэма
_e[Для мл. школьного возраста
_fИл.: А. Тамбовкин]
210 _aМосква
_cДет. лит.
_d1975
215 _a23 с.
_cил.
_d28
700 1 _aЕкимцев
_bА.Е.
_f1929-
_gАлександр Ефимович
702 1 _aТамбовкин
_bА.
_4440
801 0 _aRU
_bNLR
_gpsbo
801 1 _aRU
_bELAR
_2rusmarc
852 _aNLR
_j75-8/297
942 _cBOOK
980 _aNB